01157cam a22002293a 450000100060000000300060000600500170001200800410002904000150007004200070008505000090009224505320010126000290063350600300066251600200069265300540071265300080076665300540077470000280082883000290085685600420088530872PGUSA20140828083652.0100106s2010||||xxu|||||s|||||000 | eng d aPGUSAbeng adc 4aE20112aA Collection of State-papers, Relative to the First Acknowledgment of the Sovereignty of the United States of America, and the Reception of Their Minister Plenipotentiary, by Their High Mightinesses the States General of the United Netherlands :bto Which is Prefixed, the Political Character of John Adams, Ambassador Plenipotentiary from the States of North America, to Their High Mightinesses the States General of the United Provinces of the Netherlands ... Likewise, an Essay on Canon and Feudal Lawh[electronic resource] bProject Gutenberg,c2010 aPublic domain in the USA. aElectronic text aNetherlands -- Foreign relations -- United States aLaw aUnited States -- Foreign relations -- Netherlands1 aAdams, John,d1735-1826 0aProject Gutenbergv3087240uhttp://www.gutenberg.org/ebooks/30872